Business result : pre-intermediate student's book with online practice

Business Result Second Edition offers business professionals more communication and language practice than ever before, helping students develop relevant communication skills they can use immediately in the workplace.

Bibliographic Details
Main Author: Grant, David
Other Authors: Hudson, Jane (College teacher) (autora), Hughes, John (autor)
Format: Libro
Language:English
Published: Oxford : Oxford University Press, 2017.
Edition:Segunda edición.
Subjects:
Online Access:

MARC

LEADER 00000nam a22000007a 4500
001 017394
003 UAHC_CL
005 20250710114549.0
008 250710s2017 -uk 000 0 eng d
020 |a 9780194738767 
040 |a UAHC_CL  |c UAHC_CL  |d UAHC_CL 
082 |a 428  |b G761 
100 |a Grant, David  |9 21421 
245 1 0 |a Business result :  |b pre-intermediate student's book with online practice  |c David Grant, Jane Hudson & John Hughes. 
250 |a Segunda edición. 
260 |a Oxford :  |b Oxford University Press,  |c 2017. 
300 |a 159 páginas. 
520 |a Business Result Second Edition offers business professionals more communication and language practice than ever before, helping students develop relevant communication skills they can use immediately in the workplace. 
650 0 |a  Inglés  |v Libros de texto  |9 5774 
650 0 |a Inglés técnico  |x Enseñanza  |9 21420 
700 |a Hudson, Jane  |c (College teacher)  |9 21826  |e autora 
700 |a Hughes, John  |9 21422  |e autor 
900 |a 428 GRAB 
942 |c BK  |2 ddc 
952 |0 0  |1 0  |2 ddc  |4 0  |6 428_000000000000000_GRAB  |7 0  |8 BAS  |9 101048  |a BC  |b BC  |c General  |d 2025-07-23  |e Compra  |g 55824.00  |l 0  |o 428 GRAB  |p 1472447  |r 2025-11-25 00:00:00  |t 1  |w 2025-07-23  |x OC: 2322 / Factura Buscalibre Nº235568  |y BK  |A IA2 
952 |0 0  |1 0  |2 ddc  |4 0  |6 428_000000000000000_GRAB  |7 0  |8 BAS  |9 101049  |a BR  |b BR  |c General  |d 2025-07-23  |e Compra  |g 55824.00  |l 0  |o 428 GRAB  |p 1472448  |r 2026-01-14 00:00:00  |t 1  |w 2025-07-23  |x OC: 2322 / Factura Buscalibre Nº235568  |y BK  |A IA2 
952 |0 0  |1 0  |2 ddc  |4 0  |6 428_000000000000000_GRAB  |7 0  |8 BAS  |9 101050  |a BS  |b BS  |c General  |d 2025-07-23  |e Compra  |g 55824.00  |l 1  |o 428 GRAB  |p 1472449  |r 2025-11-26 00:00:00  |s 2025-08-19  |t 1  |w 2025-07-23  |x OC: 2322 / Factura Buscalibre Nº235568  |y BK  |A IA2 
999 |c 62759  |d 62759